Vista normal
Vista MARC
Entrada Materia (tema)
Número de registros utilizados en: 4
001 - CONTROL NUMBER
- control field: 79342
003 - CONTROL NUMBER IDENTIFIER
- control field: Co-BoUCM
005 - DATE AND TIME OF LATEST TRANSACTION
- control field: 20160829154642.0
008 - FIXED-LENGTH DATA ELEMENTS
- fixed length control field: 160829|| aca||aabn | a|a d
040 ## - CATALOGING SOURCE
- Original cataloging agency: Co-BoUCM
- Transcribing agency: Co-BoUCM
150 ## - HEADING--TOPICAL TERM
- Topical term or geographic name as entry element: Educación superior
- Form subdivision: Evaluación
670 ## - SOURCE DATA FOUND
- Source citation: Work cat.: (Co-BoUCM)304195: Calidad en la universidad, 1997